Deutsche Bundesländer nach Prozentrate der Städte - Statistiken

Allgemein
  • Dieses Quiz wurde 358 mal gespielt
  • Das Durchschnittsergebnis liegt bei 8 aus 16
Antwortstatistiken
Prozentwert der Städte Bundesland % Korrekt
100% Berlin
99%
100% Hamburg
99%
100% Bremen
98%
68,7% Nordrhein-Westfalen
90%
45,3% Hessen
53%
47,7% Sachsen-Anhalt
50%
40,3% Sachsen
47%
32,7% Saarland
42%
28,3% Baden-Württemberg
39%
15,4% Bayern
36%
18,5% Thüringen
34%
27,2% Brandenburg
31%
11,7% Mecklenburg-Vorpommern
30%
16,9% Niedersachsen
30%
5,6% Rheinland-Pfalz
28%
5,7% Schleswig-Holstein
26%
Keine übereinstimmenden Quizze gefunden
Verteilung der Resultate
Anzahl Personen mit jedem Resultat
Perzentil nach korrekt beantworteten Fragen
Ihre Resultats-Entwicklung
Sie haben dieses Quiz noch nicht gespielt